00446nam a2200157 i 450000100060000000300090000600500170001500700030003200800410003510000200007624500800009626000300017630000320020660000290023885200210026757968ES-MaACL20230906163707.0t|031020s1909 fr ||||1| fre d1 aDoumic, René.10aGeorge Sand b: dix conferences sur sa vie et son oeuvre / cRené Doumic. aParis : bPerrin, c1909. a362 p. : bretr. ; c19 cm.14aSand, George,d1804-1876 aES-MaACLjF-4698